| 000 | 00475nam a2200193Ia 4500 | ||
|---|---|---|---|
| 005 | 20230113110527.0 | ||
| 008 | 131103s9999 xx 000 0 und d | ||
| 040 | _aLoreto College | ||
| 041 | _aEnglish | ||
| 082 |
_a821.4 _bSPE- CHU |
||
| 100 | _aChurch,R.W. | ||
| 245 |
_aSpenser _cR.W.Church |
||
| 260 |
_aLondon _bMacmillan _c1901 |
||
| 300 | _a[3],181 p. | ||
| 650 | _aEnglish Poetry | ||
| 651 | _a16th Century - Poets - Spenser | ||
| 850 | _aLCLIB | ||
| 942 | _cBK | ||
| 999 |
_c13277 _d63756 |
||